000 00266nam a2200097Ia 4500
001 639900
005 20250826153437.0
008 250824s9999 xx 000 0 und d
245 0 _aDEFİNE ANTİK OKUL KLASİKLERİ
_cMEHMET RAUF
260 _bANTİK DÜNYA KLASİKLERİ
999 _c639900
_d639900